Guess the Sabrina Carpenter song (no hints) #2 - Statistics

General Stats
  • This quiz has been taken 247 times
    50 since last reset
  • The average score is 126 of 254
Answer Stats
Lyrics % Correct
I
95%
you
95%
You
95%
you,
95%
a
92%
me,
77%
me
77%
the
77%
Love
74%
love
74%
an
72%
And
67%
and
67%
When
67%
(No)
64%
no
64%
your
64%
be
62%
so
62%
so,
62%
then
62%
like,
59%
like
59%
my
59%
to
59%
To
59%
But
56%
but
56%
Oh,
56%
oh
56%
You're
56%
you're
56%
her
54%
I'm
54%
is
54%
it
54%
don't
51%
in
51%
could
49%
can't
46%
just
46%
that
46%
for
44%
Why
44%
'Cause
41%
didn't
41%
if
41%
If
41%
up
41%
was
41%
all
38%
One
38%
one
38%
there
38%
fuck
36%
gotta
36%
heart
36%
Now
36%
Said
36%
as
33%
bad
33%
life
33%
look
33%
out
33%
shit,
33%
woman
33%
I've
31%
loved
31%
of
31%
thousand
31%
vicious
31%
vicious?
31%
wish
31%
image
28%
moments
28%
pretend
28%
ten
28%
think
28%
would
28%
wreck
28%
year,
28%
best
26%
caused
26%
commotion
26%
feel
26%
hurt
26%
known
26%
next
26%
run
26%
somewhere
26%
worst
26%
acting
23%
along,
23%
certain
23%
Crush
23%
died
23%
dressed
23%
effects
23%
emotion
23%
heated
23%
intuition
23%
kinda
23%
lucky
23%
only
23%
person
23%
promise
23%
shoulda
23%
songs
23%
take
23%
tried
23%
type
23%
whoever
23%
winnin'
23%
(Ah)
21%
burden
21%
carried
21%
Half
21%
listenin'
21%
neglects
21%
private
21%
remorse,
21%
use
21%
Who's
21%
angel
18%
different
18%
insecure,
18%
probably
18%
quietly
18%
resist
18%
smart,
18%
wordin'
18%
everyone
15%
thinks
15%
No matching quizzes found
Score Distribution
Percent of People with Each Score
Percentile by Number Answered
Your Score History
You have not taken this quiz since the last reset